<?xml version="1.0" encoding="UTF-8"?>
<marc:record xmlns:marc="http://www.loc.gov/MARC21/slim">
   <marc:leader>00000nam a2200000 a 4500</marc:leader>
   <marc:datafield ind1="1" ind2=" " tag="100">
      <marc:subfield code="a">Wagener, Klaus</marc:subfield>
      <marc:subfield code="4">aut</marc:subfield>
      <marc:subfield code="e">Verfasser/-in</marc:subfield>
   </marc:datafield>
   <marc:datafield ind1="1" ind2=" " tag="100">
      <marc:subfield code="a">Mansfeld, Susanne</marc:subfield>
      <marc:subfield code="4">aut</marc:subfield>
      <marc:subfield code="e">Verfasser/-in</marc:subfield>
   </marc:datafield>
   <marc:datafield ind1="0" ind2="0" tag="245">
      <marc:subfield code="a">222 Ideen für Advent &amp; Weihnachten</marc:subfield>
   </marc:datafield>
   <marc:datafield ind1="0" ind2="0" tag="245">
      <marc:subfield code="c">Klaus Wagener ; Susanne Mansfeld</marc:subfield>
   </marc:datafield>
   <marc:datafield ind1=" " ind2="1" tag="264">
      <marc:subfield code="a">Stuttgart</marc:subfield>
      <marc:subfield code="b">Ulmer</marc:subfield>
      <marc:subfield code="c">2010</marc:subfield>
   </marc:datafield>
   <marc:datafield ind1=" " ind2=" " tag="250">
      <marc:subfield code="a">2. Aufl.</marc:subfield>
   </marc:datafield>
   <marc:datafield ind1="1" ind2=" " tag="520">
      <marc:subfield code="a">Angaben aus der Verlagsmeldung

222 Ideen für Advent und Weihnachten / von Susanne Mansfeld, Klaus Wagener

Oh du fröhliche Dekozeit!
- Von klassisch bis exotisch - erfrischend neue Ideen
- Schöner Warten: Außergewöhnlichen Adventskalender
- Ein Muss für alle Dekoliebhaber
Endlich richtig schöne Geschenke für alle Lieben und wirklich traumhafte Dekoideen für die Weihnachtszeit, ein MUSS für alle, die es festlich mögen! 222 Ideen, die das Fest noch schöner machen: Adventskalender für noch mehr Vorfreude, prächtige Weihnachtsbäume, edle Tischdekorationen für jede Tafel und liebevolle Geschenke, die von Herzen kommen. Mit Tipps und Anleitungen, zum ganz einfachen Selbermachen. So bekommt die Weihnachtszeit einen besonderen Glanz.
</marc:subfield>
   </marc:datafield>
   <marc:datafield ind1=" " ind2=" " tag="020">
      <marc:subfield code="a">9783800169856</marc:subfield>
      <marc:subfield code="9">9783800169856</marc:subfield>
   </marc:datafield>
   <marc:datafield ind1=" " ind2=" " tag="020">
      <marc:subfield code="a">3800169851</marc:subfield>
      <marc:subfield code="9">3800169851</marc:subfield>
   </marc:datafield>
   <marc:datafield ind1=" " ind2=" " tag="300">
      <marc:subfield code="a">189 S.</marc:subfield>
   </marc:datafield>
</marc:record>
